000 00722nam a22002057a 4500
999 _c6335
_d6335
003 AR-CdUCM
008 190314b ||||| |||| 00| 0 spa d
020 _a84-7069-236-4
040 _aMUNICIPALIDAD PROVINCIAL DEL CUSCO
_cBIBLIOTECA MUNICIPAL DEL CUSCO
082 _a 036 /
_bOC28
110 _aOceano
_918116
245 _aDiccionario enciclopédico éxito /
260 _aEspaña :
_bOceano,
_c1983.
300 _a5 tomos ;
_bilustraciones ;
_c25 cm.
505 _aContenido : t.1: A-Contemorizar -- t.2: Contenau-Guanahani -- t.3: Guanajada-Oidio -- t.4: Oido-Tapiscar -- t.5: Tapiz-Zworiking. Apéndice.
650 _aEnciclopedias
_96681
650 _aDiccionarios
_95105
942 _2ddc
_cLIBROS
945 _azta